000 00539nam a22001457a 4500
003 OSt
005 20160322081745.0
008 160322b xxu||||| |||| 00| 0 eng d
040 _cRUA
082 _aAGR LON 2000 B470 Or.1
100 _98089
_aLONG PISETH; ឡុង ពិសិដ្ឋ
245 _aCashewnut production and market in kampong thom probvince, ផលិតកម្ម និងទីផ្សារស្វាយចន្ទីនៅខេត្តកំពង់ធំ
300 _a43p.
_bill.
_c29cm.
942 _2ddc
_cAGR
999 _c7694
_d7694